| 000 | 00618nam a2200241 a 4500 | ||
|---|---|---|---|
| 001 | nice12345678 | ||
| 003 | IN_TiNIC | ||
| 005 | 20260116013259.0 | ||
| 008 | 050524s2000 dela grp 000 0 eng | ||
| 020 |
_a817214X _c60 |
||
| 082 | 0 | 0 |
_a269.2 _bPHI |
| 100 | _aPhilip, T V | ||
| 245 | _aReflections on Christian Mission in Asia. | ||
| 260 |
_aDelhi _bISPCK _c2000 |
||
| 300 | _a101p | ||
| 500 | _aincludes index and biblioraphy | ||
| 505 | 2 | _aWilliam carey lectures and other essays. | |
| 650 | _aEvangelistic Work | ||
| 700 | 1 | _aPhilip, T V | |
| 902 | _bSRS | ||
| 942 | _cBK | ||
| 999 |
_c10385 _d10385 |
||